| 000 | 00567nam a2200205Ia 4500 | ||
|---|---|---|---|
| 008 | 170918s9999 xx 000 0 und d | ||
| 020 | _a9780805079036 | ||
| 050 | _bS881 2008 | ||
| 100 | _aStone, Tanya Lee | ||
| 245 | _aElizabeth leads the way : | ||
| 245 | _bElizabeth Cady Stanton and the right to vote / | ||
| 245 | _cby Tanya Lee Stone ; illustrated by Rebecca Gibbon. | ||
| 260 | _aNew York : | ||
| 260 | _bHenry Holt and Company, | ||
| 260 | _c2008 | ||
| 300 | _aunpaged : | ||
| 300 | _bcolored illustration ; | ||
| 300 | _c28cm. | ||
| 500 | _a700 | ||
| 999 |
_c342911 _d342911 |
||